| 000 | 03592nam a22003737a 4500 | ||
|---|---|---|---|
| 003 | OSt | ||
| 005 | 20230627115725.0 | ||
| 008 | 230627b |||||||| |||| 00| 0 eng d | ||
| 020 | _a4-1-2337-2021 | ||
| 040 |
_aBiblioteca de odontología _cBiblioteca de odontología _eRDA |
||
| 041 |
_aspa _hspa |
||
| 082 |
_221 _a617.643 |
||
| 092 |
_a617.643 _SQ487m |
||
| 100 |
_aCoaquira Yujra, Bensi _cDr. _eAutor _9651 |
||
| 245 | _aMicrobiología oral | ||
| 250 | _aSegunda edición | ||
| 260 |
_aLa Paz – Bolivia; _bEl mundo del arte, _cMayo 2021 |
||
| 300 |
_a297 paginas ; _bTapa blanda, imágenes ; _c21 x 16 centímetros |
||
| 336 |
_2rdacontent _aTexto _btxt |
||
| 505 | 2 | _aCONTENIDO: Sección I. Generalidades de la microbiología. –Sección II. Bacteriología. -Sección III. Control de la infección. –Sección IV. Inmunología. –Sección V. Microbiología sistemática. –Sección VI. Ecología oral, microbiología oral. –Sección VII. Generalidades de Virología, micología y parasitología. | |
| 520 | 3 | _aEl presente libro se ha adaptado a los programas de la asignatura de Microbiologia con un lenguaje claro, conciso y sobre todo practico ofreciendo a los, estudiantes conceptos básicos en el campo microbiológico. La finalidad de este libro es de consulta y al mismo tiempo de guía para dar a conocer, los aspectos teóricos y científicos concerniente al campo de la microbiología oral que es de importancia significativa para nuestra área. La microbiologia es una ciencia que estudia los microorganismos que no se pueden ver a simple vista, siendo algunos microorganismos causantes de enfermedades en el cuerpo humano, pero también en la cavidad bucal provocando la caries dental, gingivitis, enfermedades periodontales y otros. Desde que empezamos a dar lectura somera a los temas de microbiologia pudimos notar que es menester llevar un libro de temas concernientes a nuestra área, la odontología, relacionada con la periodoncia, operatoria dental, cirugía bucal y otras. Inspirados en mejorar la educación y el conocimiento de futuras generaciones, tuvimos la visión de llevar a cabo este proyecto, que hoy lo plasmamos como un hecho, anhelando que este libro les servirá mucho a todos los estudiantes tanto del pregrado y postgrado porque en ella se encuentran las bases para poder introducirnos a otros libros de microbiologia con mucho más detalle y complejidad. Además debiendo realzar que este libro se centra principalmente en bacterias de la cavidad oral y también realizamos una pequeña referencia a los virus, hongos y parásitos. Es importante señalar que incluimos al final de cada tema preguntas de autoevaluación para un mejor aprendizaje. Todos los errores que presente este libro pedir disculpas al querido lector. Finalizando agradecemos a nuestros queridos lectores por adquirir este ejemplar, en especial a los estudiantes de la Universidad Mayor de San Andrés, Universidad Publica El Alto, otras Instituciones Públicas y Privadas. | |
| 521 | _aPara odontólogos, dentistas y ortólogos | ||
| 650 | _2ODONTOLOGÍA Y ORTODONCIA | ||
| 653 | _aSUSTANCIAS FENÓLICAS | ||
| 653 | _aANTIBIÓTICOS BACTERICIDAS | ||
| 653 | _a ÓRGANOS LINFOIDES O PERIFÉRICOS | ||
| 653 | _aCEFALOSPORINA | ||
| 653 | _aGENERO TANNERELLA | ||
| 653 | _aLA BIOFILM DENTAL | ||
| 700 |
_aVerdugues Pérez, Claudia Magali _cDra. _eAutor _9652 |
||
| 700 |
_aQuispe Morales, Oscar Reynaldo _bDr. _eAutor y colaborador _9653 |
||
| 700 |
_aDaza Tarqui, Paola _cDra. _eAutor y colaboradora _9654 |
||
| 942 |
_2ddc _cBK _mcondori calle e. mauricio _n0 |
||
| 999 |
_c471 _d471 |
||